000 00476nam a2200181Ia 4500
005 20250326125750.0
008 250326s9999 xx 000 0 und d
037 _aTextbook
040 _aFMSL
_beng
_cFMSL
041 _aeng
_2eng
084 _aB28I N6
_qFMSL
100 _aFeller W
245 0 _aInteroducation to probability theory
_cFeller W
260 _aNY
_bNY, John Wiley
_c1966
300 _a626p
942 _cTB
_hB28I N6
999 _c1279468
_d1279468